000 00553nam a2200169Ia 4500
003 GCL
008 140319s9999 xx 000 0 ara d
040 _aGCL /
_cGCL
082 0 4 _a330
_bح م
100 1 _aحسن سيد احمد ابو العينين
245 1 0 _aالموارد الاقتصادية /
_cحسن سيد احمد ابو العينين
260 _a[S.N] :
_bمؤسسة الثقافةالجامعية للطبع والنشر ،
_c1984
300 _a648 ص
490 _a
650 0 4 _aالاقتصاد الدولى
942 _2ddc
_cBK
999 _c48690
_d48690